Państwa świata alfabetycznie ze wskazówkami - Statystyki

Ogólne statystyki
  • Ten quiz został rozwiązany 1 262 razy
  • Średni wynik to 75 z 194
Statystyki odpowiedzi
Wskazówka Lokalizacja Państwo % Poprawnych
A _ _ _ _ _ A Europa Płd. Albania
86%
A _ _ _ _ _ _ _ _ N Azja Płd. Afganistan
83%
A _ _ _ _ A Europa Płd. Andora
72%
A _ _ _ _ A S _ _ _ _ _ _ _ A Azja Zach. Arabia Saudyjska
71%
A _ _ _ _ _ _ _ A Australia Australia
70%
A _ _ _ _ _ _ _ A Ameryka Płd. Argentyna
68%
A _ _ _ _ _ _ A Afryka Płn. Algieria
67%
B _ _ _ _ Y Karaiby Bahamy
66%
B _ _ _ _ A I H _ _ _ _ _ _ _ _ _ A Europa Płd. Bośnia i Hercegowina
66%
B _ _ _ _ A Europa Zach. Belgia
65%
B _ _ _ _ _ _ Ś Europa Wsch. Białoruś
65%
A _ _ _ _ _ A Europa Śr. Austria
64%
A _ _ _ _ _ _ _ _ _ N Azja Zach. Azerbejdżan
64%
A _ _ _ _ _ A I B _ _ _ _ _ A Karaiby Antigua i Barbuda
62%
C _ _ D Afryka Śr. Czad
61%
D _ _ _ A Europa Płn. Dania
61%
D _ _ _ _ _ _ _ _ _ _ _ A R _ _ _ _ _ _ _ A K _ _ _ A Afryka Śr. Dem. Rep. Konga
61%
A _ _ _ _ A Afryka Śr. Angola
60%
B _ _ _ _ _ _ _ _ Z Azja Płd. Bangladesz
60%
F _ _ _ I Melanezja Fidżi
60%
F _ _ _ _ _ _ _ A Europa Płn. Finlandia
60%
F _ _ _ _ _ A Europa Zach. Francja
60%
C _ _ _ _ Y Europa Śr. Czechy
59%
H _ _ _ I Karaiby Haiti
59%
I _ _ K Azja Zach. Irak
59%
I _ _ N Azja Zach. Iran
59%
B _ _ _ _ E Ameryka Śr. Belize
58%
B _ _ _ _ _ A F _ _ O Afryka Zach. Burkina Faso
58%
C _ _ _ E Ameryka Płd. Chile
58%
C _ _ R Azja Zach. Cypr
58%
G _ _ _ _ A Europa Płd. Grecja
58%
H _ _ _ _ _ _ A Europa Zach. Holandia
58%
C _ _ _ _ _ _ _ A Europa Płd. Chorwacja
57%
E _ _ _ _ _ A Europa Wsch. Estonia
57%
F _ _ _ _ _ _ Y Azja Płd.-Wsch. Filipiny
57%
I _ _ _ _ _ _ A Europa Zach. Irlandia
57%
A _ _ _ _ _ A Azja Zach. Armenia
56%
B _ _ _ N Afryka Zach. Benin
56%
B _ _ _ _ _ A Ameryka Płd. Boliwia
56%
I _ _ _ E Azja Płd. Indie
56%
I _ _ _ _ _ _ A Europa Płn. Islandia
56%
J _ _ _ N Azja Zach. Jemen
56%
B _ _ _ _ _ _ A Europa Płd. Bułgaria
55%
C _ _ _ Y Azja Wsch. Chiny
55%
C _ _ _ _ _ _ _ _ A Europa Płd. Czarnogóra
55%
D _ _ _ _ _ _ A Karaiby Dominika
54%
D _ _ _ _ _ _ _ _ A Karaiby Dominikana
54%
E _ _ _ _ _ R Ameryka Płd. Ekwador
54%
H _ _ _ _ _ _ S Ameryka Śr. Honduras
54%
I _ _ _ _ _ _ _ A Azja Płd.-Wsch. Indonezja
54%
E _ _ _ T Afryka Płn. Egipt
53%
H _ _ _ _ _ _ _ A Europa Płd. Hiszpania
53%
J _ _ _ _ _ A Karaiby Jamajka
53%
B _ _ _ _ _ _ S Karaiby Barbados
52%
B _ _ _ _ _ _ A Ameryka Płd. Brazylia
52%
E _ _ _ _ _ A Afryka Wsch. Erytrea
52%
E _ _ _ _ _ A Afryka Wsch. Etiopia
52%
G _ _ _ N Afryka Śr. Gabon
52%
L _ _S Azja Płd.-Wsch. Laos
52%
J _ _ _ _ _ A Azja Wsch. Japonia
51%
J _ _ _ _ _ _ A Azja Zach. Jordania
51%
D _ _ _ _ _ I Afryka Wsch. Dżibuti
50%
G _ _ _ A Afryka Zach. Ghana
50%
G _ _ _ _ A R _ _ _ _ _ _ _ A Afryka Śr. Gwinea Równikowa
50%
K _ _ _ A P _ _ _ _ _ _ A Azja Wsch. Korea Północna
50%
K _ _ _ A P _ _ _ _ _ _ _ _ A Azja Wsch. Korea Południowa
50%
Ł _ _ _ A Europa Wsch. Łotwa
50%
G _ _ _ _ _ _ _ A Ameryka Śr. Gwatemala
49%
I _ _ _ _ L Azja Zach. Izrael
49%
L _ _ _ A Europa Wsch. Litwa
49%
B _ _ _ _ N Azja Płd. Bhutan
48%
G _ _ _ _ A Afryka Zach. Gwinea
48%
G _ _ _ _ A B _ _ _ _ U Afryka Zach. Gwinea Bissau
48%
L _ _ _ _ _ _ _ _ G Europa Zach. Luksemburg
48%
G _ _ _ _ A Azja Zach. Gruzja
47%
K _ _ _ _ A Ameryka Płn. Kanada
47%
K _ _ _ _ _ _ _ _ N Azja Śr. Kazachstan
47%
G _ _ _ _ A Ameryka Płd. Gujana
46%
M _ _ _ _ _ _ _ A Europa Płd. Macedonia
46%
B _ _ _ _ _ N Azja Zach. Bahrajn
45%
G _ _ _ _ A Afryka Zach. Gambia
45%
K _ _ _ _ _ _ A Ameryka Płd. Kolumbia
45%
L _ _ _ N Azja Zach. Liban
45%
L _ _ _ _ _ _ _ _ _ _ _ N Europa Śr. Liechtenstein
45%
K _ _ _ A Afryka Wsch. Kenia
44%
L _ _ _ A Afryka Płn. Libia
44%
B _ _ _ _ _ _ A Afryka Płd. Botswana
43%
B _ _ _ _ I Azja Płd.-Wsch. Brunei
43%
K _ _ _ R Azja Zach. Katar
43%
K _ _ _ O Afryka Śr. Kongo
43%
L _ _ _ _ _ O Afryka Płd. Lesotho
43%
M _ _ I Afryka Zach. Mali
43%
K _ _ _ _ _ _ A Azja Płd.-Wsch. Kambodża
42%
K _ _ A Karaiby Kuba
42%
M _ _ _ A Europa Płd. Malta
42%
K _ _ _ _ _ _ _ N Azja Śr. Kirgistan
41%
K _ _ _ _ _ N Afryka Śr. Kamerun
40%
K _ _ _ _ T Azja Zach. Kuwejt
40%
K _ _ _ _ _ _ _ A Ameryka Śr. Kostaryka
39%
M _ _ _ _ O Europa Zach. Monako
39%
B _ _ _ _ _ I Afryka Śr. Burundi
38%
G _ _ _ _ _ A Karaiby Grenada
38%
M _ _ _ _ O Afryka Płn. Maroko
38%
O _ _ N Azja Zach. Oman
38%
K _ _ _ _ _ _ I Polinezja Kiribati
37%
L _ _ _ _ _ A Afryka Zach. Liberia
37%
N _ _ A Z _ _ _ _ _ _ A Australia Nowa Zelandia
37%
K _ _ _ _ Y Afryka Wsch. Komory
36%
P _ _ _ A - N_ _ A G _ _ _ _ A Melanezja Papua-Nowa Gwinea
36%
M _ _ _ _ _ _ Y Azja Płd. Malediwy
35%
M _ _ _ _ _ _ A Europa Wsch. Mołdawia
35%
P _ _ _ _ _ _ J Ameryka Płd. Paragwaj
35%
P _ _ U Ameryka Płd. Peru
35%
P _ _ _ _ A Europa Śr. Polska
35%
N _ _ _ L Azja Płd. Nepal
34%
N _ _ _ _ _ _ A Europa Płn. Norwegia
34%
M _ _ _ _ _ _ _ _ A Afryka Zach. Mauretania
33%
N _ _ _ _ Y Europa Śr. Niemcy
33%
M _ _ _ _ _ _ _ _ R Afryka Wsch. Madagaskar
32%
P _ _ _ _ _ _ _ _ A Europa Płd. Portugalia
32%
M _ _ _ _ I Afryka Wsch. Malawi
31%
M _ _ _ _ _ _ _ _ A Mikronezja Mikronezja
31%
N _ _ _ R Afryka Zach. Niger
31%
P _ _ _ _ _ _ N Azja Płd. Pakistan
31%
R _ _ _ _ _ _ _ A P _ _ _ _ _ _ _ _ _ J A _ _ _ _ I Afryka Płd. Południowa Afryka
31%
M _ _ _ _ _ A Azja Płd.-Wsch. Malezja
30%
N _ _ _ _ _ A Afryka Zach. Nigeria
30%
M _ _ _ _ _ _ _ S Afryka Wsch. Mauritius
29%
M _ _ _ _ K Ameryka Śr. Meksyk
29%
M _ _ _ _ A / B _ _ _ A Azja Płd.-Wsch. Mjanma / Birma
29%
P _ _ _ U Mikronezja Palau
29%
R _ _ _ A Eurazja Rosja
29%
N _ _ _ U Mikronezja Nauru
28%
R _ _ _ _ _ _ _ A Ś _ _ _ _ _ _ _ _ _ _ _ _ _ _ _ _ A Afryka Śr. Rep. Śr.-afrykańska
28%
S _ N M _ _ _ _ O Europa Płd. San Marino
28%
M _ _ _ _ _ _ K Afryka Wsch. Mozambik
27%
N _ _ _ _ _ A Afryka Płd. Namibia
27%
N _ _ _ _ _ _ _ A Ameryka Śr. Nikaragua
27%
P _ _ _ _ A Ameryka Śr. Panama
27%
R _ _ _ _ _ A Europa Wsch. Rumunia
27%
R _ _ _ _ A Afryka Śr. Rwanda
23%
M _ _ _ _ _ _ A Azja Wsch. Mongolia
22%
S _ _ _ T K _ _ _ S I N _ _ _ S Karaiby Saint Kitts i Nevis
22%
S _ _ _ T L _ _ _ A Karaiby Saint Lucia
22%
S _ _ _ _ A Europa Płd. Serbia
22%
S _ _ _ T V _ _ _ _ _ T I G _ _ _ _ _ _ _ Y Karaiby Saint Vincent i Grenadyny
21%
S _ _ _ _ _ L Afryka Zach. Senegal
21%
S _ _ _ _ A L _ _ _ E Afryka Zach. Sierra Leone
20%
S _ _ _ _ _ _ A Europa Śr. Słowacja
20%
S _ _ _ _ _ _ A Europa Płd. Słowenia
20%
S _ _ _ _ _ _ R Ameryka Śr. Salwador
19%
S _ _ _ _ _ E Afryka Wsch. Seszele
19%
S _ I L _ _ _ A Azja Płd. Sri Lanka
19%
S _ _ _ Y Z _ _ _ _ _ _ _ _ _ E Ameryka Płn. Stany Zjednoczone
17%
S _ _ _ _ _ _ _ _ A Europa Śr. Szwajcaria
17%
S _ _ _ _ _ A Europa Płn. Szwecja
17%
T _ _ _ _ _ _ _ _ _ N Azja Śr. Tadżykistan
16%
U _ _ _ _ _ A Europa Wsch. Ukraina
16%
U _ _ _ _ _ J Ameryka Płd. Urugwaj
16%
S _ _ _ _ _ _ R Azja Płd.-Wsch. Singapur
15%
T _ _ O Afryka Zach. Togo
15%
T _ _ _ _ _ _ D I T _ _ _ _ O Karaiby Trynidad i Tobago
15%
W _ _ _ _ _ N Europa Płd. Watykan
15%
W _ _ _ Y Europa Śr. Węgry
15%
W _ _ _ _ _ _ _ A Ameryka Płd. Wenezuela
15%
Z _ _ _ _ A Afryka Wsch. Zambia
15%
Z _ _ _ _ _ _ _ _ _ E E _ _ _ _ _ Y A _ _ _ _ _ _ E Azja Zach. Zjed. Emiraty Arabskie
15%
S _ _ _ N Afryka Wsch. Sudan
14%
S _ _ _ N P _ _ _ _ _ _ _ _ Y Afryka Wsch. Sudan Południowy
14%
T _ _ _ R W _ _ _ _ _ _ I Azja Płd.-Wsch. Timor Wschodni
14%
U _ _ _ _ A Afryka Wsch. Uganda
14%
U _ _ _ _ _ _ _ _ N Azja Śr. Uzbekistan
14%
V _ _ _ _ _ U Melanezja Vanuatu
14%
W _ _ _ _ A B _ _ _ _ _ _ A Europa Zach. Wielka Brytania
14%
W _ _ _ _ Y Europa Płd. Włochy
14%
Z _ _ _ _ _ _ E Afryka Wsch. Zimbabwe
14%
S _ _ _ _ _ A Afryka Wsch. Somalia
13%
S _ _ _ _ _ M Ameryka Płd. Surinam
13%
T _ _ _ _ _ _ _ _ _ _ N Azja Śr. Turkmenistan
13%
T _ _ _ _ U Polinezja Tuvalu
13%
W _ _ _ _ _ M Azja Płd.-Wsch. Wietnam
13%
W _ _ _ Y S _ _ _ _ _ _ A Melanezja Wyspy Salomona
13%
S _ _ _ I Afryka Płd. Suazi
12%
T _ _ _ _ N Azja Wsch. Tajwan
12%
T _ _ _ _ _ _ A Afryka Wsch. Tanzania
12%
T _ _ _ _ _ A Afryka Płn. Tunezja
12%
W _ _ _ Y M _ _ _ _ _ _ _ A Mikronezja Wyspy Marshalla
12%
S _ _ _ A Azja Zach. Syria
11%
T _ _ _ _ _ _ _ A Azja Płd.-Wsch. Tajlandia
11%
T _ _ _ A Polinezja Tonga
11%
T _ _ _ _ A Azja Zach. Turcja
11%
W _ _ _ _ _ _ E K _ _ _ I S _ _ _ _ _ _ _ J Afryka Zach. Wyb. Kości Słoniowej
11%
W _ _ _ Y Ś _ _ _ _ _ _ O T _ _ _ _ _ A I K _ _ _ _ _ _ A Afryka Śr. Wyspy Św. Tomasza i Ksi.
9%
R _ _ _ _ _ _ _ A Z _ _ _ _ _ _ _ O P_ _ _ _ _ _ _ A Afryka Zach. Rep. Zielonego Przylądka
3%
Nie znaleziono quizów pasujących do podanych kryteriów
Rozkład punktacji
Procent ludzi z każdym wynikiem
Percentyl według liczby udzielonych odpowiedzi
Twoja historia wyników
Nie rozwiązałeś tego quizu